[Event "Peter Stuart Memorial Open 2025"]
[Site "Takapuna, Auckland, New Zealan"]
[Date "2025.06.17"]
[Round "2.1"]
[White "Ang, Alphaeus Wei Ern"]
[Black "Hettiarachchi, Buthsara"]
[Result "1-0"]
[WhiteElo "2377"]
[BlackElo "1850"]
[WhiteFideId "-1"]
[WhiteFideId "-1"]
[PlyCount "109"]
[GameId "2189708690939904"]
[EventDate "2025.??.??"]

1. d4 Nf6 2. c4 e6 3. Nc3 Bb4 4. e3 O-O 5. a3 Bxc3+ 6. bxc3 b6 7. Bd3 Bb7 8. Nf3 Ne4 9. Qc2 f5 10. O-O d6 11. Nd2 Nxd2 12. Bxd2 Nd7 13. e4 fxe4 14. Bxe4 Bxe4 15. Qxe4 e5 16. Rae1 Rc8 17. Qc6 a5 18. f4 exd4 19. cxd4 Nf6 20. Re6 Qd7 21. Qxd7 Nxd7 22. Rfe1 Rf7 23. g4 Nf6 24. h3 d5 25. cxd5 Nxd5 26. f5 Rd7 27. g5 Rf8 28. R1e5 Kf7 29. h4 Ne7 30. h5 Nc8 31. g6+ hxg6 32. fxg6+ Kg8 33. h6 gxh6 34. Bxh6 Nd6 35. Bxf8 Kxf8 36. Rh5 Kg8 37. a4 c6 38. Rh7 Rd8 39. Rc7 Nf5 40. Rexc6 Rxd4 41. Rxb6 Rd8 42. Ra6 Nh4 43. Kf2 Rf8+ 44. Kg3 Nf5+ 45. Kg4 Nd4 46. g7 Re8 47. Rh6 Re4+ 48. Kh3 Re3+ 49. Kg2 Rg3+ 50. Kxg3 Nf5+ 51. Kf4 Nxh6 52. Kg5 Nf7+ 53. Kf6 Nh6 54. Rc8+ Kh7 55. Rh8# 1-0

[Event "Peter Stuart Memorial Open 2025"]
[Site "Takapuna, Auckland, New Zealan"]
[Date "2025.06.20"]
[Round "2.2"]
[White "Wright, Caleb"]
[Black "Xie, Felix"]
[Result "0-1"]
[WhiteElo "1805"]
[BlackElo "2366"]
[WhiteFideId "-1"]
[WhiteFideId "-1"]
[PlyCount "52"]
[GameId "2190671979966464"]
[EventDate "2025.??.??"]

1. d4 Nf6 2. c4 c5 3. e3 cxd4 4. exd4 d5 5. Nf3 g6 6. g3 Bg7 7. Bg2 O-O 8. cxd5 Nxd5 9. O-O Nc6 10. Nc3 Nb6 11. Be3 Be6 12. b3 Nd5 13. Rc1 Nxc3 14. Rxc3 Bd5 15. Rd3 Qa5 16. Qe2 Be4 17. Rd2 Rac8 18. Rfd1 Rfd8 19. Ne1 Bxg2 20. Kxg2 Nb4 21. Nf3 e6 22. Ng5 Nd5 23. Ra1 Nxe3+ 24. Qxe3 Bh6 25. h4 Qd5+ 26. f3 f6 0-1

[Event "Peter Stuart Memorial Open 2025"]
[Site "Takapuna, Auckland, New Zealan"]
[Date "2025.06.20"]
[Round "2.3"]
[White "Mao, Daqi"]
[Black "Sun, Wanyao Sarah"]
[Result "1-0"]
[WhiteElo "2151"]
[BlackElo "1818"]
[WhiteFideId "-1"]
[WhiteFideId "-1"]
[PlyCount "65"]
[GameId "2190671979966464"]
[EventDate "2025.??.??"]

1. d4 Nf6 2. c4 g6 3. Nc3 Bg7 4. e4 d6 5. f3 O-O 6. Nge2 Nbd7 7. Be3 c6 8. Qd2 a6 9. Ng3 b5 10. Be2 b4 11. Nd1 c5 12. d5 a5 13. a4 Nb6 14. Qc1 Bd7 15. b3 e6 16. dxe6 fxe6 17. Ra2 Rc8 18. Rc2 Bc6 19. O-O Qc7 20. Nf2 Nfd7 21. f4 Bc3 22. Bg4 Rce8 23. Ne2 d5 24. cxd5 exd5 25. Nxc3 bxc3 26. Rxc3 dxe4 27. Bxd7 Nxd7 28. Bxc5 Nxc5 29. Rxc5 e3 30. Qc4+ Kh8 31. Qc3+ Kg8 32. Ng4 h5 33. Rxc6 1-0

[Event "Peter Stuart Memorial Open 2025"]
[Site "Takapuna, Auckland, New Zealan"]
[Date "2025.06.20"]
[Round "2.4"]
[White "Kerr, Grant"]
[Black "Liu, William Rui"]
[Result "0-1"]
[WhiteElo "1782"]
[BlackElo "2031"]
[WhiteFideId "-1"]
[WhiteFideId "-1"]
[PlyCount "76"]
[GameId "2190671979966464"]
[EventDate "2025.??.??"]

1. b3 e5 2. Bb2 Nc6 3. e3 Nf6 4. Nf3 e4 5. Nd4 Nxd4 6. Bxd4 d5 7. Be2 Bd6 8. c4 dxc4 9. bxc4 Qe7 10. Nc3 Be5 11. Qb1 c6 12. a3 O-O 13. Qb4 Qxb4 14. axb4 Bxd4 15. exd4 Rd8 16. d5 cxd5 17. cxd5 Nxd5 18. b5 Bf5 19. g4 Bg6 20. h4 h6 21. h5 Bh7 22. Ra4 Nf4 23. Nxe4 Re8 24. f3 Bxe4 25. fxe4 Re5 26. Bf1 Ne6 27. Rh3 Nc5 28. Rb4 Nxe4 29. Re3 Rae8 30. d4 R5e7 31. Be2 Nc3 32. Rxe7 Rxe7 33. Rb2 Rxe2+ 34. Rxe2 Nxe2 35. Kxe2 Kf8 36. Kd3 Ke7 37. Kc4 Kd6 38. d5 a6 0-1

[Event "Peter Stuart Memorial Open 2025"]
[Site "Takapuna, Auckland, New Zealan"]
[Date "2025.06.20"]
[Round "2.5"]
[White "Gunn, Neil J"]
[Black "Jin, Yanbo"]
[Result "1/2-1/2"]
[WhiteElo "1749"]
[BlackElo "1973"]
[WhiteFideId "-1"]
[WhiteFideId "-1"]
[PlyCount "54"]
[GameId "2190671979970560"]
[EventDate "2025.??.??"]

1. d4 d5 2. Nc3 Nf6 3. Bf4 Bf5 4. e3 e6 5. Nf3 Bd6 6. Ne5 a6 7. g4 Bg6 8. h4 h6 9. Nxg6 fxg6 10. Qd3 Kf7 11. Bxd6 Qxd6 12. O-O-O Nbd7 13. h5 gxh5 14. gxh5 Rhd8 15. Qg6+ Kf8 16. Rg1 Qe7 17. Bh3 Qf7 18. Bxe6 Qxe6 19. Qxg7+ Ke8 20. Qxh6 Nf8 21. Rg5 Kd7 22. Rdg1 Kc6 23. Re5 Qd6 24. Qf4 Re8 25. Qf5 N8d7 26. f4 Nxe5 27. dxe5 Qe6 1/2-1/2

[Event "Peter Stuart Memorial Open 2025"]
[Site "Takapuna, Auckland, New Zealan"]
[Date "2025.06.20"]
[Round "2.6"]
[White "Piwari, Dylan Tama"]
[Black "Tao, Junqing Jerome"]
[Result "1/2-1/2"]
[WhiteElo "1966"]
[BlackElo "1784"]
[WhiteFideId "-1"]
[WhiteFideId "-1"]
[PlyCount "116"]
[GameId "2190671979970560"]
[EventDate "2025.??.??"]

1. c4 e5 2. Nc3 Nf6 3. Nf3 Nc6 4. d3 h6 5. g3 Bc5 6. Bg2 O-O 7. O-O d6 8. Na4 Bb6 9. Nxb6 axb6 10. a3 Be6 11. b3 Qd7 12. Bb2 Bh3 13. Qc2 Bxg2 14. Kxg2 Nh5 15. h3 f5 16. e3 Rf7 17. Qd1 Nf6 18. Ng1 Qe6 19. Ne2 Nh7 20. f4 Re8 21. Rf2 exf4 22. exf4 Nf6 23. b4 Nh5 24. b5 Na5 25. Nd4 Qg6 26. Qf3 Rfe7 27. Qd5+ Kh8 28. Nxf5 Re2 29. Kg1 Nxg3 30. Nh4 Qh5 31. Qxh5 Nxh5 32. Raf1 Kh7 33. f5 Nb3 34. f6 gxf6 35. Rxe2 Rxe2 36. Bxf6 Nd2 37. Rf5 Nxf6 38. Rxf6 Kg7 39. Rf4 Re1+ 40. Kg2 Re2+ 41. Kg3 Re3+ 42. Kg4 h5+ 43. Kxh5 Rxh3 44. Kg4 Rxd3 45. Nf5+ Kf6 46. Nxd6+ Ke5 47. Nf7+ Ke6 48. Ng5+ Kd6 49. Rf6+ Kc5 50. Ne6+ Kxc4 51. Nxc7 Rd7 52. Na8 Kxb5 53. Nxb6 Rd4+ 54. Kf5 Rd3 55. a4+ Ka5 56. Ke5 Rb3 57. Nd7 b5 58. axb5 Rxb5+ 1/2-1/2

[Event "Peter Stuart Memorial Open 2025"]
[Site "Takapuna, Auckland, New Zealan"]
[Date "2025.06.20"]
[Round "2.7"]
[White "Pei, Yanshuo"]
[Black "Preeyansh Roul"]
[Result "0-1"]
[WhiteElo "1727"]
[BlackElo "1937"]
[WhiteFideId "-1"]
[WhiteFideId "-1"]
[PlyCount "82"]
[GameId "2190671979970560"]
[EventDate "2025.??.??"]

1. d4 Nf6 2. c4 e6 3. Nc3 Bb4 4. e3 O-O 5. Bd3 c5 6. Nge2 cxd4 7. exd4 d5 8. cxd5 Nxd5 9. O-O Nc6 10. Bc2 Be7 11. Qd3 g6 12. a3 Bf6 13. Rd1 Nce7 14. Qf3 Bg7 15. Nxd5 Nxd5 16. Nc3 Nxc3 17. bxc3 Qc7 18. Bf4 e5 19. Bg3 Qa5 20. dxe5 Be6 21. Be4 Rac8 22. Rdc1 b6 23. Bh4 Qxe5 24. Bg3 Qa5 25. Bd6 Rxc3 26. Rxc3 Qxc3 27. Qxc3 Bxc3 28. Bxf8 Bxa1 29. Bd6 Bc4 30. g3 f5 31. Bc6 Kf7 32. Kg2 Ke6 33. Bb8 a5 34. Bc7 Bd4 35. f4 Bd5+ 36. Bxd5+ Kxd5 37. Kf3 a4 38. Ke2 b5 39. Ba5 Bc5 40. Kd3 Bxa3 41. Bc3 Bc5 0-1

[Event "Peter Stuart Memorial Open 2025"]
[Site "Takapuna, Auckland, New Zealan"]
[Date "2025.06.20"]
[Round "2.8"]
[White "Tew, Yao Zen Markis"]
[Black "Zhou, Martin"]
[Result "1-0"]
[WhiteElo "1936"]
[BlackElo "1654"]
[WhiteFideId "-1"]
[WhiteFideId "-1"]
[PlyCount "69"]
[GameId "2190671979974656"]
[EventDate "2025.??.??"]

1. d4 Nf6 2. c4 g6 3. Nc3 Bg7 4. Nf3 O-O 5. Bg5 d6 6. e3 c5 7. d5 h6 8. Bh4 a6 9. Nd2 Qc7 10. Be2 b6 11. O-O Bb7 12. a4 Nbd7 13. Qc2 Rae8 14. e4 e5 15. Bg3 Nh7 16. Bd3 f6 17. h3 Rf7 18. Nd1 Nb8 19. Ne3 a5 20. Kh1 Ref8 21. f4 Bc8 22. f5 g5 23. Be2 Bd7 24. Bh5 Re7 25. Qd1 Rd8 26. Bg6 Nf8 27. Qh5 Be8 28. Ng4 Nbd7 29. Rf3 Qc8 30. Nf1 Qa6 31. Nfe3 Qa8 32. h4 Qb7 33. b3 Qc7 34. Kg1 Qb7 35. Raf1 1-0

[Event "Peter Stuart Memorial Open 2025"]
[Site "Takapuna, Auckland, New Zealan"]
[Date "2025.06.20"]
[Round "2.9"]
[White "Wang, Leon"]
[Black "Slater-Jones, Henry"]
[Result "0-1"]
[WhiteElo "1594"]
[BlackElo "1927"]
[WhiteFideId "-1"]
[WhiteFideId "-1"]
[PlyCount "54"]
[GameId "2190671979974656"]
[EventDate "2025.??.??"]

1. e4 e5 2. Nf3 Nf6 3. Nc3 Nc6 4. Bc4 Nxe4 5. Nxe4 d5 6. Bd3 dxe4 7. Bxe4 Bd6 8. O-O O-O 9. d3 h6 10. h3 f5 11. Bd5+ Kh8 12. a3 Qf6 13. Re1 Be6 14. Bxe6 Qxe6 15. d4 Qf6 16. dxe5 Nxe5 17. Nxe5 Bxe5 18. Qd5 Rae8 19. c3 Bh2+ 20. Kf1 Rxe1+ 21. Kxe1 Re8+ 22. Kf1 Qe7 23. Qd1 Qe4 24. b3 Bd6 25. Be3 Qe5 26. Qd4 Qh2 27. Re1 f4 0-1

[Event "Peter Stuart Memorial Open 2025"]
[Site "Takapuna, Auckland, New Zealan"]
[Date "2025.06.20"]
[Round "2.10"]
[White "Sussex, Taylor"]
[Black "Ha, Timothy Huy Minh"]
[Result "0-1"]
[WhiteElo "1606"]
[BlackElo "1746"]
[WhiteFideId "-1"]
[WhiteFideId "-1"]
[PlyCount "163"]
[GameId "2190671979978752"]
[EventDate "2025.??.??"]

1. e4 c5 2. Nf3 Nc6 3. d4 cxd4 4. Nxd4 e5 5. Nb3 Nf6 6. Bg5 Be7 7. Bxf6 Bxf6 8. Nc3 d6 9. Bc4 O-O 10. O-O a6 11. a4 Rb8 12. Qe2 Be6 13. Nd5 Bxd5 14. Bxd5 Qc7 15. c3 Ne7 16. Rfd1 Ng6 17. a5 Rfc8 18. g3 Ne7 19. Ra4 Nxd5 20. Rxd5 Be7 21. Nd2 Qd7 22. Rb4 Qe6 23. Qd3 Rc5 24. Nc4 Rbc8 25. Ne3 R8c7 26. Rb6 R5c6 27. Rb4 g6 28. Qc2 Bg5 29. Rd3 Bxe3 30. Rxe3 d5 31. exd5 Qxd5 32. Qe4 Qxe4 33. Rbxe4 f6 34. Kf1 Rd6 35. Ke2 Rcd7 36. b4 Rd2+ 37. Kf3 Rc2 38. Rc4 Kf7 39. Re2 Rc1 40. Ke3 Rcd1 41. Rc5 R1d3+ 42. Ke4 Ke6 43. Re3 f5+ 44. Kf3 e4+ 45. Kg2 Rd2 46. c4 Rc2 47. b5 axb5 48. Rxb5 Rxc4 49. Reb3 Rcc7 50. Rb6+ Kf7 51. Rb2 Kg7 52. R6b3 Kh6 53. f3 exf3+ 54. Kxf3 Rc5 55. Rxb7 Rxb7 56. Rxb7 Rxa5 57. Re7 Ra4 58. h4 Rb4 59. Re8 Kh5 60. Re7 h6 61. Re5 Rb3+ 62. Kf4 g5+ 63. Kxf5 Rf3+ 64. Ke4 Rxg3 65. hxg5 hxg5 66. Re8 Kg4 67. Rg8 Rg1 68. Ke3 Rf1 69. Ke2 Rf6 70. Re8 Kh4 71. Re3 g4 72. Re7 Kh3 73. Rh7+ Kg2 74. Ke3 g3 75. Ke2 Re6+ 76. Kd1 Re5 77. Kd2 Kf3 78. Rf7+ Kg4 79. Rg7+ Rg5 80. Rxg5+ Kxg5 81. Ke3 Kg4 82. Kd2 0-1

[Event "Peter Stuart Memorial Open 2025"]
[Site "Takapuna, Auckland, New Zealan"]
[Date "2025.06.20"]
[Round "2.11"]
[White "Young, Cohen"]
[Black "Liu, Brian"]
[Result "1-0"]
[WhiteElo "2060"]
[BlackElo "1725"]
[WhiteFideId "-1"]
[WhiteFideId "-1"]
[PlyCount "67"]
[GameId "2190671979978752"]
[EventDate "2025.??.??"]

1. e4 c6 2. Nc3 d5 3. Nf3 Bg4 4. Be2 e6 5. d4 Nd7 6. O-O dxe4 7. Nxe4 Ngf6 8. Nxf6+ Nxf6 9. h3 Bxf3 10. Bxf3 Be7 11. c3 O-O 12. b4 Nd5 13. Bd2 a5 14. bxa5 Qxa5 15. c4 Bb4 16. Bxb4 Nxb4 17. Qb3 Qa4 18. Qb2 Rab8 19. Rab1 Na6 20. Qc3 b5 21. Bxc6 Rfc8 22. cxb5 Nc7 23. Qb4 Qxa2 24. Ra1 Nd5 25. Qd6 Qc4 26. Qe5 Nc3 27. Rfe1 Nxb5 28. Rac1 Nc3 29. d5 Rb3 30. Bd7 Rc5 31. Bxe6 Ne2+ 32. Kh1 Nxc1 33. Bxf7+ Kxf7 34. Qe6+ 1-0

[Event "Peter Stuart Memorial Open 2025"]
[Site "Takapuna, Auckland, New Zealan"]
[Date "2025.06.20"]
[Round "2.12"]
[White "Yu, Zachary"]
[Black "Johns, Daniel P"]
[Result "1-0"]
[WhiteElo "2035"]
[BlackElo "1673"]
[WhiteFideId "-1"]
[WhiteFideId "-1"]
[PlyCount "81"]
[GameId "2190671979982848"]
[EventDate "2025.??.??"]

1. d4 Nf6 2. c4 e6 3. Nf3 d5 4. g3 c6 5. Bg2 Be7 6. O-O O-O 7. Qc2 Nbd7 8. Nbd2 b6 9. e4 dxe4 10. Nxe4 Bb7 11. Rd1 Nxe4 12. Qxe4 Nf6 13. Qe2 Qc7 14. Bf4 Bd6 15. Bxd6 Qxd6 16. Qe5 Rad8 17. c5 bxc5 18. Qxd6 Rxd6 19. dxc5 Rdd8 20. Ne5 Nd5 21. a3 f6 22. Nc4 Rd7 23. Nd6 Rb8 24. Re1 Re7 25. b4 Kf8 26. Rab1 Ba8 27. Bf1 Nc7 28. a4 e5 29. Bc4 a6 30. Rb3 Bb7 31. Reb1 Bc8 32. b5 axb5 33. axb5 cxb5 34. Bxb5 Be6 35. Bc4 Rxb3 36. Bxb3 Bxb3 37. Rxb3 Rd7 38. Rb7 Ke7 39. Nf5+ Ke6 40. Ne3 Na6 41. Rb6+ 1-0

[Event "Peter Stuart Memorial Open 2025"]
[Site "Takapuna, Auckland, New Zealan"]
[Date "2025.06.20"]
[Round "2.13"]
[White "Wilson, Dion A"]
[Black "Barry, Jacob"]
[Result "1-0"]
[WhiteElo "1904"]
[BlackElo "1606"]
[WhiteFideId "-1"]
[WhiteFideId "-1"]
[PlyCount "59"]
[GameId "2190671984177152"]
[EventDate "2025.??.??"]

1. e4 e5 2. Nf3 Nc6 3. d3 Nf6 4. Be2 Be7 5. c3 O-O 6. Nbd2 d6 7. Qc2 Be6 8. h3 d5 9. Nf1 d4 10. g4 g6 11. Ng3 Qd6 12. O-O h5 13. g5 Nd7 14. Kh2 dxc3 15. bxc3 Nb6 16. Rd1 Qd7 17. h4 f6 18. gxf6 Bxf6 19. Rg1 Bg4 20. Ng5 Bxg5 21. Bxg4 Qxg4 22. Bxg5 Rf3 23. Rg2 Raf8 24. Rh1 Nd8 25. Nf5 Rh3+ 26. Kg1 Rxh1+ 27. Kxh1 Qh3+ 28. Kg1 Rxf5 29. exf5 Nf7 30. fxg6 1-0

[Event "Peter Stuart Memorial Open 2025"]
[Site "Takapuna, Auckland, New Zealan"]
[Date "2025.06.20"]
[Round "2.14"]
[White "Xu, Luna Yuexiu"]
[Black "Wang, Justin Zhide"]
[Result "1/2-1/2"]
[WhiteElo "1778"]
[BlackElo "2085"]
[WhiteFideId "-1"]
[WhiteFideId "-1"]
[PlyCount "149"]
[GameId "2190671984185344"]
[EventDate "2025.??.??"]

1. e4 e6 2. Nf3 d5 3. e5 c5 4. b4 cxb4 5. a3 Nc6 6. axb4 Bxb4 7. c3 Bf8 8. d4 Nge7 9. Bd3 Ng6 10. O-O Be7 11. Ba3 Nf4 12. Bc2 a6 13. Bxe7 Qxe7 14. Na3 Bd7 15. Nb5 O-O 16. Nd6 b5 17. Qd2 Ng6 18. g3 f5 19. h4 Rfb8 20. Bd3 Nh8 21. Qa2 Nd8 22. Ng5 g6 23. Kg2 Nhf7 24. Ngxf7 Nxf7 25. Nxf7 Kxf7 26. Qd2 Kg8 27. Ra5 Bc6 28. Rfa1 Bb7 29. Rh1 h5 30. Qh6 Qg7 31. Qxg7+ Kxg7 32. f4 Rc8 33. Ra3 Rc6 34. Rb1 Rac8 35. Rbb3 Kf7 36. Kf2 Rb8 37. Ke2 Ke7 38. Kd2 Kd7 39. Ra1 Bc8 40. Ra2 Rcb6 41. Rab2 Kc6 42. Ra3 Ra8 43. Ra5 Rab8 44. Ra3 Kd7 45. Rb4 Kc7 46. Ra5 Rc6 47. Ra3 Bb7 48. Ra5 Kb6 49. Ra3 Rbc8 50. Rab3 Rc4 51. Bxc4 Rxc4 52. Rxc4 dxc4 53. Rb2 a5 54. Kc1 Be4 55. Re2 b4 56. Kb2 Kb5 57. Re3 Kc6 58. Re1 Kb6 59. Re2 Kb5 60. Re3 Bc6 61. Ka2 Bb7 62. Kb2 Kc6 63. Kc2 Kb5 64. Kb2 a4 65. cxb4 Kxb4 66. Rc3 Be4 67. Ra3 Bd5 68. Re3 Be4 69. Ra3 Bc6 70. Rc3 Bg2 71. Re3 Bd5 72. Rc3 Ba8 73. Re3 Bg2 74. Rc3 Be4 75. Ra3 1/2-1/2

[Event "Peter Stuart Memorial Open 2025"]
[Site "Takapuna, Auckland, New Zealan"]
[Date "2025.06.20"]
[Round "2.15"]
[White "Hwang, Ryan"]
[Black "McLaren, Leonard J"]
[Result "0-1"]
[WhiteElo "1685"]
[BlackElo "2042"]
[WhiteFideId "-1"]
[WhiteFideId "-1"]
[PlyCount "58"]
[GameId "2190671984185344"]
[EventDate "2025.??.??"]

1. e4 c5 2. Nf3 Nc6 3. d4 cxd4 4. Nxd4 e5 5. Nf3 Bc5 6. Bc4 Nf6 7. Nbd2 O-O 8. O-O d6 9. h3 Be6 10. Qe2 Rc8 11. a3 Qe7 12. b4 Nd4 13. Nxd4 Bxd4 14. Rb1 Bxc4 15. Nxc4 Qc7 16. Ne3 Bxe3 17. Bxe3 Nxe4 18. Rbc1 Nc3 19. Qf3 b6 20. Rfe1 Rfe8 21. Qg3 Kh8 22. Qg4 d5 23. Bd2 Ne4 24. Be3 Nf6 25. Qf5 Qd7 26. Qf3 Rc3 27. Qe2 Rxa3 28. Bg5 Ne4 29. Bh4 g5 0-1

[Event "Peter Stuart Memorial Open 2025"]
[Site "Takapuna, Auckland, New Zealan"]
[Date "2025.06.20"]
[Round "2.16"]
[White "Braganza, Nadia"]
[Black "Ng, Lok Jim (Lauren)"]
[Result "1-0"]
[WhiteElo "1818"]
[BlackElo "1692"]
[WhiteFideId "-1"]
[WhiteFideId "-1"]
[PlyCount "123"]
[GameId "2190671984189440"]
[EventDate "2025.??.??"]

1. c4 e6 2. g3 d5 3. Nf3 Nf6 4. Bg2 g6 5. O-O Bg7 6. d4 O-O 7. Qc2 dxc4 8. Qxc4 c6 9. Qc2 Nbd7 10. e4 Qe7 11. Nc3 e5 12. d5 cxd5 13. exd5 Nb6 14. Bg5 h6 15. Bxf6 Qxf6 16. Rfd1 Bf5 17. Qb3 Rfd8 18. a4 Qe7 19. Nb5 Nc8 20. Rac1 Rd7 21. Nd2 a6 22. Na3 Nd6 23. Ndc4 Nxc4 24. Nxc4 Rb8 25. Nb6 Rd6 26. Nc4 Rd7 27. d6 Qe6 28. Bc6 Rdd8 29. Bd5 Qe8 30. Nb6 Bf8 31. Rc7 Be6 32. Bxe6 Qxe6 33. Qxe6 fxe6 34. Nd7 Bg7 35. Nxb8 Rxb8 36. d7 Rd8 37. Rxb7 a5 38. Ra7 e4 39. b3 Bc3 40. Rc1 Bf6 41. Rcc7 Kf7 42. Rxa5 Ke7 43. Raa7 Bd4 44. Rab7 Be5 45. Rc8 Rxd7 46. Rxd7+ Kxd7 47. Rc4 Kd6 48. a5 Kd5 49. a6 Bb8 50. Rc8 Ba7 51. Rc7 Bb6 52. a7 Bxc7 53. a8=Q+ Ke5 54. Qc6 Bd6 55. Qc3+ Kf5 56. b4 Be5 57. Qe3 g5 58. b5 h5 59. h4 gxh4 60. gxh4 Bf4 61. Qh3+ Ke5 62. b6 1-0

[Event "Peter Stuart Memorial Open 2025"]
[Site "Takapuna, Auckland, New Zealan"]
[Date "2025.06.20"]
[Round "2.17"]
[White "Jiang, Patrick Di"]
[Black "Li, Olivia"]
[Result "1-0"]
[WhiteElo "1673"]
[BlackElo "1781"]
[WhiteFideId "-1"]
[WhiteFideId "-1"]
[PlyCount "85"]
[GameId "2190671984189440"]
[EventDate "2025.??.??"]

1. d4 Nf6 2. Nf3 d6 3. g3 g6 4. Bg2 Bg7 5. O-O O-O 6. b3 Nbd7 7. Bb2 c5 8. c4 Rb8 9. Nc3 b6 10. Qc2 Bb7 11. Rfd1 a6 12. a4 a5 13. e4 Qc7 14. Nb5 Qc8 15. d5 Ra8 16. e5 dxe5 17. Nxe5 Nxe5 18. Bxe5 Nd7 19. Bxg7 Kxg7 20. Bh3 f5 21. Qe2 Rf7 22. Qe3 Nf6 23. Qe5 Kg8 24. Bg2 Ng4 25. Qe6 Kg7 26. Qxb6 Ba6 27. d6 Rb8 28. Qxa5 Bxb5 29. axb5 exd6 30. Qc3+ Nf6 31. Rxd6 Qc7 32. Raa6 Rbf8 33. Bd5 Kg8 34. Qxf6 f4 35. Bxf7+ Qxf7 36. Qxf7+ Rxf7 37. b6 fxg3 38. hxg3 Re7 39. Ra8+ Kg7 40. Ra7 Rxa7 41. bxa7 Kg8 42. Rd7 h6 43. a8=R# 1-0

[Event "Peter Stuart Memorial Open 2025"]
[Site "Takapuna, Auckland, New Zealan"]
[Date "2025.06.20"]
[Round "2.18"]
[White "Aidan Prince"]
[Black "Xu, Jeremy Xi"]
[Result "0-1"]
[WhiteElo "1663"]
[BlackElo "1776"]
[WhiteFideId "-1"]
[WhiteFideId "-1"]
[PlyCount "100"]
[GameId "2190671984193536"]
[EventDate "2025.??.??"]

1. d4 d5 2. Nf3 c6 3. Bf4 Bf5 4. e3 Nf6 5. Nbd2 Nbd7 6. c3 e6 7. Ne5 Nxe5 8. Bxe5 Bd6 9. Qb3 Rb8 10. Nf3 O-O 11. Be2 h6 12. O-O Qe7 13. c4 Nd7 14. Bxd6 Qxd6 15. c5 Qc7 16. Qc3 Rfe8 17. Nh4 Bh7 18. f4 Nf6 19. Bd3 Ne4 20. Bxe4 Bxe4 21. h3 b6 22. cxb6 axb6 23. Rac1 c5 24. b3 Rec8 25. Nf3 Ra8 26. a4 Bxf3 27. Rxf3 c4 28. Rg3 Qd7 29. Rf1 Ra6 30. bxc4 Rxc4 31. Qd3 Rcxa4 32. Qe2 Ra1 33. Rxa1 Rxa1+ 34. Kh2 Qc7 35. Qg4 g6 36. Qh4 Kg7 37. Rf3 Qc1 38. Qf2 b5 39. h4 b4 40. Rh3 b3 41. f5 b2 42. fxe6 Qc7+ 43. Qg3 Qxg3+ 44. Kxg3 fxe6 45. Kf4 b1=Q 46. g4 Qe4+ 47. Kg3 Rg1+ 48. Kf2 Rg2+ 49. Kf1 Ra2 50. g5 Qb1# 0-1

[Event "Peter Stuart Memorial Open 2025"]
[Site "Takapuna, Auckland, New Zealan"]
[Date "2025.06.20"]
[Round "2.19"]
[White "Hall, John Robert"]
[Black "Nimmakayala, Srirama Vikhyath"]
[Result "1/2-1/2"]
[WhiteElo "1775"]
[BlackElo "1675"]
[WhiteFideId "-1"]
[WhiteFideId "-1"]
[PlyCount "99"]
[GameId "2190671984193536"]
[EventDate "2025.??.??"]

1. e4 c6 2. d4 d5 3. e5 Bf5 4. Bd3 Bxd3 5. Qxd3 e6 6. Nf3 Qb6 7. O-O c5 8. c3 Nc6 9. a4 c4 10. Qc2 Nge7 11. Nbd2 Rc8 12. b4 cxb3 13. Nxb3 Ng6 14. a5 Qc7 15. Bd2 Be7 16. Qd3 O-O 17. Rfc1 Qd7 18. Qe2 Rfd8 19. c4 dxc4 20. Rxc4 Qd5 21. Rac1 Qb5 22. Qe3 Rd5 23. Qc3 Rcd8 24. g3 a6 25. Nc5 h6 26. Nxb7 Nxd4 27. Nxd4 Qxb7 28. Rc7 Qa8 29. Rc8 Rxc8 30. Qxc8+ Qxc8 31. Rxc8+ Kh7 32. Nf3 Bd8 33. Rc6 Bxa5 34. Bxa5 Rxa5 35. Kg2 Nxe5 36. Nxe5 Rxe5 37. Rxa6 Kg6 38. h3 Kf6 39. f4 Rd5 40. Ra2 g5 41. Rf2 Rf5 42. Kf3 gxf4 43. gxf4 e5 44. Ke4 Rxf4+ 45. Rxf4+ exf4 46. Kxf4 h5 47. h4 Kg6 48. Ke4 f5+ 49. Ke5 f4 50. Kxf4 1/2-1/2

[Event "Peter Stuart Memorial Open 2025"]
[Site "Takapuna, Auckland, New Zealan"]
[Date "2025.06.20"]
[Round "2.20"]
[White "Powlesland, Brogan"]
[Black "Isaac, Ceferino"]
[Result "0-1"]
[WhiteElo "1652"]
[BlackElo "1769"]
[WhiteFideId "-1"]
[WhiteFideId "-1"]
[PlyCount "87"]
[GameId "2190671984197632"]
[EventDate "2025.??.??"]

1. d4 d6 2. c4 e5 3. e4 exd4 4. Qxd4 Nc6 5. Qe3 g6 6. Bd2 Bg7 7. Bc3 Nf6 8. Be2 O-O 9. Nd2 Re8 10. h4 d5 11. Bxf6 Qxf6 12. cxd5 Nb4 13. Qc5 Bf8 14. Qc4 b5 15. Qb3 Bd7 16. Ngf3 a5 17. O-O a4 18. Qc3 Nxd5 19. exd5 Qxc3 20. bxc3 Rxe2 21. Rfe1 Rae8 22. Rxe2 Rxe2 23. Kf1 Re8 24. Nd4 Re5 25. f3 Rxd5 26. Ne4 Be7 27. g3 c5 28. Nc2 f5 29. Nf2 Bf6 30. Rd1 Bc6 31. Ke2 Bxc3 32. Ne3 Rxd1 33. Nfxd1 Bf6 34. f4 Kf7 35. Nf2 Ke6 36. Nd3 Kd6 37. g4 fxg4 38. Nxg4 Bxh4 39. Nge5 Bd5 40. Nc1 Bf6 41. Ned3 Bc4 42. Ke3 Bd4+ 43. Kd2 h5 44. Ne2 0-1

[Event "Peter Stuart Memorial Open 2025"]
[Site "Takapuna, Auckland, New Zealan"]
[Date "2025.06.20"]
[Round "2.21"]
[White "Sun, Oliver"]
[Black "Wang, Cyrus"]
[Result "1-0"]
[WhiteElo "1712"]
[BlackElo "1636"]
[WhiteFideId "-1"]
[WhiteFideId "-1"]
[PlyCount "121"]
[GameId "2203356693750392"]
[EventDate "2025.??.??"]

1. d4 d5 2. c4 e6 3. Nc3 Nf6 4. Bg5 Be7 5. Nf3 O-O 6. e3 b6 7. cxd5 Nxd5 8. Bxe7 Qxe7 9. Nxd5 exd5 10. Bd3 Bb7 11. Rc1 Na6 12. a3 c5 13. Qc2 Rac8 14. Bxh7+ Kh8 15. Bf5 Rc7 16. Qd2 g6 17. Bh3 cxd4 18. Qxd4+ Kg8 19. O-O Rxc1 20. Rxc1 Nc5 21. Rc3 Bc8 22. Bxc8 Rxc8 23. b4 a5 24. h3 Rc7 25. bxc5 bxc5 26. Qxd5 Qf6 27. Qe5 Qb6 28. Ng5 f6 29. Qe6+ Qxe6 30. Nxe6 Rc6 31. Nxc5 Kf7 32. Ne4 Rb6 33. g4 Ke6 34. Kg2 Ke5 35. Nc5 Rd6 36. Rd3 Rc6 37. Nb3 a4 38. Nd4 Ra6 39. Kf3 g5 40. Nf5 Rb6 41. Rd4 Ra6 42. Ng3 Ke6 43. Ne4 Ra5 44. Nc3 Rc5 45. Nxa4 Rc2 46. Nb6 Rc6 47. Nc4 Ra6 48. Rd6+ Rxd6 49. Nxd6 Kxd6 50. Ke4 Ke6 51. a4 f5+ 52. gxf5+ Ke7 53. a5 Kd7 54. f6 Kd8 55. a6 Kc7 56. f7 Kb6 57. f8=Q Kxa6 58. Qb8 Ka5 59. Kd5 Ka6 60. Kc5 g4 61. Qa8# 1-0